000 01222cam a22003618i 4500
005 20260322212025.0
008 data
010 _a 2013005416
020 _a9781620876398 (hardcover : alk. paper)
020 _a1620876396
040 _aDLC
_beng
_cDLC
_erda
042 _apcc
043 _an-us---
050 0 0 _aBQ732
_b.O97 2013
082 0 0 _a294.3/920973
_222
092 _a294.3 O97 2013
100 1 _aOurvan, Jeff.
245 1 4 _aThe star spangled Buddhist :
_bZen, Tibetan, and Sōka Gakkai Buddhism and the quest for enlightenment in America /
_cJeff Ourvan.
263 _a1306
264 1 _aNew York :
_bSkyhorse Publishing,
_c2013.
300 _apages cm
336 _atext
_2rdacontent
337 _aunmediated
_2rdamedia
338 _avolume
_2rdacarrier
500 _aIncludes index.
650 0 _aBuddhism
_zUnited States.
650 0 _aBuddhism and culture
_zUnited States.
906 _a7
_bcbc
_corignew
_d1
_eecip
_f20
_gy-gencatlg
925 0 _aacquire
_b2 shelf copies
_xpolicy default
955 _wrd06 2013-02-12
963 _aHolly Rubino; phone: 212-643-6816; email: [email protected]; bc: [email protected]
001 data
999 _c577
_d577